How to do everything with frontpage 2000 / (Record no. 132944)

MARC details
000 -LEADER
fixed length control field 00718nam a22002297a 4500
005 - DATE AND TIME OF LATEST TRANSACTION
control field 20170124110201.0
010 ## - LIBRARY OF CONGRESS CONTROL NUMBER
LC control number B-045460
020 ## - INTERNATIONAL STANDARD BOOK NUMBER
International Standard Book Number 0070411956
Terms of availability 00.00
035 ## - SYSTEM CONTROL NUMBER
System control number B-045460
037 ## - SOURCE OF ACQUISITION
Source of stock number/acquisition Cen Lib/Ret
040 ## - CATALOGING SOURCE
Original cataloging agency DPL
Language of cataloging EN
082 ## - DEWEY DECIMAL CLASSIFICATION NUMBER
Classification number 005.3
Item number PLO
100 ## - MAIN ENTRY--PERSONAL NAME
Personal name Plotkin, David
9 (RLIN) 36249
245 ## - TITLE STATEMENT
Title How to do everything with frontpage 2000 /
Statement of responsibility, etc by David Plotkin
260 ## - PUBLICATION, DISTRIBUTION, ETC. (IMPRINT)
Place of publication, distribution, etc New Delhi
Name of publisher, distributor, etc Tata McGraw Hill Publishing Company
Date of publication, distribution, etc 2000
270 ## - ADDRESS
Address 7 west aptel nagar
City New Delhi
Postal code 110008
300 ## - PHYSICAL DESCRIPTION
Extent xxiii, 584p.
Dimensions 23cm(Hb)
500 ## - GENERAL NOTE
General note Includes appendix and index
650 ## - SUBJECT ADDED ENTRY--TOPICAL TERM
Topical term or geographic name as entry element Computer science
9 (RLIN) 36250
650 ## - SUBJECT ADDED ENTRY--TOPICAL TERM
Topical term or geographic name as entry element Web page designing
9 (RLIN) 36251
942 ## - ADDED ENTRY ELEMENTS (KOHA)
Source of classification or shelving scheme Dewey Decimal Classification
Koha item type English Books
Classification part 005.3
Call number suffix PLO
Holdings
Withdrawn status Lost status Damaged status Not for loan Home library Current library Date acquired Source of acquisition Cost, normal purchase price Total Checkouts Full call number Barcode Date last seen Copy number Cost, replacement price Price effective from Koha item type
        Central Library Central Library 24/07/2015 Cen Lib/Ret 0.00   005.3 PLO B-045460 24/07/2015 1 0.00 24/07/2015 English Books

© Delhi Public Library
Hit Counter
free hit counter